LIBRARY & INFORMATION CENTRE, KCAET, TAVANUR

ONLINE PUBLIC ACCESS CATALOGUE (OPAC)

Text book of physics : for students of science and engineering / (Record no. 2002)

MARC details
000 -LEADER
fixed length control field 00501cam a2200193ua 4500
041 ## - LANGUAGE CODE
Language code of text/sound track or separate title eng
082 ## - DEWEY DECIMAL CLASSIFICATION NUMBER
Classification number 530
Item number DUN/TE
100 ## - MAIN ENTRY--AUTHOR NAME
Personal name Duncan, J .
245 ## - TITLE STATEMENT
Title Text book of physics : for students of science and engineering /
250 ## - EDITION STATEMENT
Edition statement 2 /
260 ## - PUBLICATION, DISTRIBUTION, ETC. (IMPRINT)
Place of publication :
Name of publisher MacMillan and Company Limited ,
Year of publication 1957.
300 ## - PHYSICAL DESCRIPTION
Number of Pages 1063 ; .
700 1# - ADDED ENTRY--PERSONAL NAME
Personal name Starling, S.G .
942 ## - ADDED ENTRY ELEMENTS (KOHA)
Koha item type Books
Holdings
Withdrawn status Lost status Damaged status Home library Current library Date acquired Full call number Accession Number Koha item type
      KAUAET KAUAET 07/04/2012 530 DUN/TE 3164 Books
free website counter